The relationship of non-protein nitrogen, calcium, and phosphorus blood levels to renal lesions in canine nephritis.

Bibliographic Details
Main Author: Beasley, Joseph Noble
Format: Thesis Book
Language:English
Published: [College Station, Tex.], [publisher not identified] ; 1956.
Subjects:

MARC

Tag First Indicator Second Indicator Subfields
LEADER 00000cam a2200000 4500
001 in00000043709
005 20151007074952.0
008 800612s1956 txu 00000 eng d
035 |a (OCoLC)06414891 
035 |9 AAF2405AM 
040 |a TXA  |c TXA  |d UtOrBLW 
049 |a [Archives]TXAM  |c [279077] 
092 |a 619.7  |b B368 
099 |a 1956  |a Thesis  |a B368 
100 1 |a Beasley, Joseph Noble. 
245 1 4 |a The relationship of non-protein nitrogen, calcium, and phosphorus blood levels to renal lesions in canine nephritis. 
264 1 |a [College Station, Tex.],  |b [publisher not identified] ;  |c 1956. 
300 |a 58 . 
336 |a text  |b txt  |2 rdacontent 
337 |a unmediated  |b n  |2 rdamedia 
338 |a volume  |b nc  |2 rdacarrier 
500 |a Typewritten. 
502 |b M.S. in Veterinary Pathology  |c A. & M. College of Texas. 
650 0 |a Dogs  |x Diseases. 
650 0 |a Kidneys  |x Diseases. 
650 0 |a Veterinary pathology. 
650 4 |a Major veterinary pathology. 
730 0 |a Thesis. 
730 0 |a Thesis - Veterinary Pathology. 
740 0 |a Non-protein nitrogen, calcium, and phosphorus blood levels. 
740 0 |a Canine nephritis. 
999 |a MARS 
999 f f |s 9d0a4713-45ea-3127-b56e-65506eceeae2  |i 5839b776-9433-30d9-8941-81e019309d47  |t 0 
952 f f |p noncirc  |a Texas A&M University  |b J.J. Pickle Campus  |c High Density Repository  |d Remote Storage  |t 0  |e 1956 Thesis B368  |h Other scheme  |i unmediated -- volume  |m A14840872096 
998 f f |a 1956 Thesis B368  |t 0  |l Remote Storage